| 000 | 00406nam a2200133Ia 4500 | ||
|---|---|---|---|
| 008 | 240719s9999 xx 000 0 und d | ||
| 041 | _aeng | ||
| 082 | _a303.3 HAR | ||
| 100 | _aHaarris JIM | ||
| 245 | _aThe Learning Paradox Gaining Success And Security In A World Of Change | ||
| 260 |
_aUK _bCapstone A Wiley Brand _c2001 |
||
| 300 | _a447.;P. 24 Cm | ||
| 520 | _aGifted By : IMT Faculty Dr.senthil kumar | ||
| 999 |
_c41224 _d41224 |
||